Tridsať rokov vývoja regiónov Slovenska

Zmyslom a cieľom príspevku je na základe analýz štatistických ekonomicko - sociálnych údajov poznať realitu rozdielnosti regiónov a tiež realitu vývoja ich rozdielov. Tridsať rokov vývoja regiónov je dosť dlhá doba na posúdenie ich rozdielnosti a rozdielov z viacerých stránok ich ekonomického a soci...

Descrizione completa

Salvato in:
Dettagli Bibliografici
Autore principale: Samson, J. Štefan
Natura: Capitolo di libro
Lingua:slovacco
Soggetti:
Tags: Aggiungi Tag
Nessun Tag, puoi essere il primo ad aggiungerne!!

MARC

LEADER 00000naa a2200000 4500
001 0299160
005 20240213094126.8
041 0 |a slo 
044 |a SK 
245 1 0 |a Tridsať rokov vývoja regiónov Slovenska  |c J. Štefan Samson 
520 |a Zmyslom a cieľom príspevku je na základe analýz štatistických ekonomicko - sociálnych údajov poznať realitu rozdielnosti regiónov a tiež realitu vývoja ich rozdielov. Tridsať rokov vývoja regiónov je dosť dlhá doba na posúdenie ich rozdielnosti a rozdielov z viacerých stránok ich ekonomického a sociálneho rozvoja. V príspevku sa analyzujú rozdiely regiónov a ich vývoj na základe štyroch kritérií a to ekonomickej výkonnosti, ekonomickej aktivity, mzdy a čistého príjmu domácnosti. 
610 2 0 |a vývoj regionálny 
610 2 0 |a vývoj sociálny 
610 2 0 |a vývoj hospodársky 
610 2 0 |a výkonnosť ekonomiky 
610 2 0 |a ukazovatele ekonomické 
610 2 0 |a príjmy domácností 
100 1 |a Samson, J. Štefan